000 00536nam a2200181Ia 4500
008 151018s9999 xx 000 0 und d
082 _bRBASDV36543
_a891.462
100 _aरघुनाथ चव्हाण
245 _aसरनोबत
250 _b7
260 _bनिंबकर आणि मं
_c1976
300 _a124
600 _aरघुनाथ चव्हाण
630 _aसरनोबत
700 _aरघुनाथ चव्हाण
730 _aसरनोबत
942 _cBOOK
999 _c1035990
_d1035987